Statistics for Which Continent has the Most Land Area in Order

Click here to take the quiz!

General Stats

  • This quiz has been taken 17 times
  • The average score is 5 of 6

Answer Stats

HintAnswer% Correct
31,033,000 Km²Asia
100%
22,134,900 Km²Europe
100%
29,648,400 Km²Africa
94%
24,710,000 Km²North america
94%
17,840,000 Km²South america
94%
8,486,460 Km²Oceania
63%

Score Distribution

Percentile by Number Answered

Percent of People with Each Score

Your Score History

You have not taken this quiz